The Practice of the Presence of God: (Record no. 17476)

000 -LEADER
fixed length control field 00669nam a2200193 a 4500
001 - CONTROL NUMBER
control field :::00021446$&:&@@
003 - CONTROL NUMBER IDENTIFIER
control field OkBaRHE
005 - DATE AND TIME OF LATEST TRANSACTION
control field 20080415203238.0
008 - FIXED-LENGTH DATA ELEMENTS--GENERAL INFORMATION
fixed length control field s1958 j 000 0 eng u
040 ## - CATALOGING SOURCE
Transcribing agency
100 1# - MAIN ENTRY--PERSONAL NAME
Personal name Lawrence 1611-1691
245 14 - TITLE STATEMENT
Title The Practice of the Presence of God:
Remainder of title being conversations and letters of Nicholas Herman of Lorraine
250 ## - EDITION STATEMENT
Edition statement 16th Printing May 1980
260 ## - PUBLICATION, DISTRIBUTION, ETC. (IMPRINT)
Place of publication, distribution, etc Old Tappan, New Jersey
Name of publisher, distributor, etc Fleming Revell Company
Date of publication, distribution, etc c1958
300 ## - PHYSICAL DESCRIPTION
Extent 63 p
650 ## - SUBJECT ADDED ENTRY--TOPICAL TERM
Topical term or geographic name as entry element Christian life
General subdivision Catholic Authors
942 ## - ADDED ENTRY ELEMENTS (KOHA)
Source of classification or shelving scheme
Koha item type Books
Copies
Copy number Total Renewals Permanent Location Source of classification or shelving scheme Barcode Lost status Shelving location Koha item type Current Location Date checked out Withdrawn status Total Checkouts Full call number Date acquired Not for loan Damaged status Date last seen Price effective from
11RHEMA Bible Training College 21446 General StacksBooksRHEMA Bible Training College2012-02-10 2BX 2349 .L38112010-04-14  2012-03-302010-04-14